[Event "Titled Tuesday intern op 02nd Apr Late"]
[Site "Chess.com INT"]
[Date "2024.04.02"]
[Round "3"]
[White "Reinecke, Katharina"]
[Black "Deng, Henry"]
[Result "0-1"]
[WhiteElo "1962"]
[BlackElo "2305"]
[PlyCount "82"]
[EventDate "2024.04.02"]
[EventType "swiss (blitz)"]
[EventRounds "11"]
[EventCountry "USA"]
[SourceTitle "CB15_2024"]
[SourceDate "2024.04.10"]
[SourceVersion "1"]
[SourceVersionDate "2024.04.10"]
[SourceQuality "1"]

1. d4 d5 2. c4 c6 3. Nf3 Nf6 4. g3 dxc4 5. Bg2 b5 6. 0-0 Bb7 7. a4 e6 8. b3 cxb3 9. Qxb3 a6 10. Nbd2 Nbd7 11. Ne5 Nxe5 12. dxe5 Nd5 13. Ne4 Be7 14. Ba3 0-0 15. Nd6 Bxd6 16. Bxd6 Re8 17. Rac1 Nb6 18. Bxc6 Bxc6 19. Rxc6 Nxa4 20. Rfc1 Qa5 21. Bb4 Qd8 22. Rd1 Qb8 23. Rd7 Qxe5 24. Rcc7 Rac8 25. Rxc8 Rxc8 26. Qf3 Qf6 27. Qb7 Rc1+ 28. Kg2 h6 29. Qxa6 Qf5 30. Qa8+ Kh7 31. Rd8 Rc2 32. Qf3 Qxf3+ 33. Kxf3 Rc4 34. Be7 Nc3 35. Rb8 Nd5 36. Bf8 Rc3+ 37. e3 Rb3 38. Ke4 Kg6 39. Kd4 Rb2 40. h4 Nf6 41. Kc5 Nd7+ 0-1

[Event "Titled Tuesday intern op 19th Dec Early"]
[Site "Chess.com INT"]
[Date "2023.12.19"]
[Round "11"]
[White "Bardyk, Artem"]
[Black "Deng, Henry"]
[Result "1/2-1/2"]
[WhiteElo "2206"]
[BlackElo "2281"]
[PlyCount "169"]
[EventDate "2023.12.19"]
[EventType "swiss (blitz)"]
[EventRounds "11"]
[EventCountry "USA"]
[SourceTitle "CB52_2023"]
[SourceDate "2023.12.27"]
[SourceVersion "1"]
[SourceVersionDate "2023.12.27"]
[SourceQuality "1"]

1. e4 c5 2. c3 Nf6 3. e5 Nd5 4. Nf3 d6 5. Bc4 e6 6. d4 cxd4 7. cxd4 Be7 8. 0-0 0-0 9. Bd2 b6 10. Nc3 Nxc3 11. Bxc3 Bb7 12. Qe2 Nd7 13. Rad1 dxe5 14. d5 exd5 15. Bxd5 Bxd5 16. Rxd5 Qc7 17. Rfd1 Nf6 18. Bxe5 Qc6 19. R5d3 Rfe8 20. Nd4 Qc5 21. Bg3 Bf8 22. Qf3 Rad8 23. h3 Qd5 24. Qxd5 Rxd5 25. Nc6 Rxd3 26. Rxd3 a5 27. a4 h6 28. Be5 Ne4 29. Bd4 Bc5 30. Re3 Bxd4 31. Nxd4 Nd6 32. Rb3 Re4 33. Nc6 Rxa4 34. Rxb6 Nc4 35. Rb8+ Kh7 36. b3 Ra1+ 37. Kh2 Nd2 38. g3 a4 39. bxa4 Rxa4 40. Rb7 Kg8 41. Ne7+ Kf8 42. Nf5 Kg8 43. Nd6 Ra8 44. Rxf7 Rd8 45. Nb7 Kxf7 46. Nxd8+ Kf6 47. Kg2 Ne4 48. Nc6 Nc5 49. Nd4 Ne4 50. Kf3 Nc5 51. Ke3 Nd7 52. Nf3 Nf8 53. Ke4 Ne6 54. Ne1 Ng5+ 55. Ke3 Nxh3 56. Nd3 Ng5 57. Nf4 Nf7 58. Nh5+ Kg6 59. Nf4+ Kf6 60. Ke4 Ng5+ 61. Ke3 g6 62. Nd5+ Ke6 63. Nc3 Nf7 64. Ne2 Ne5 65. Kf4 Kf6 66. Nc3 g5+ 67. Ke4 Nc6 68. Nd5+ Kg6 69. Ne3 Ne7 70. Ke5 Ng8 71. Ke6 Nf6 72. f4 gxf4 73. gxf4 Nh5 74. f5+ Kg7 75. Nd5 Kf8 76. Nb6 Ng7+ 77. Kf6 h5 78. Nd7+ Kg8 79. Kg6 Nxf5 80. Nf6+ Kh8 81. Kxf5 h4 82. Kg4 h3 83. Kg3 h2 84. Kg2 h1Q+ 85. Kxh1 1/2-1/2

[Event "Titled Tuesday intern op 15th Aug Early"]
[Site "Chess.com INT"]
[Date "2023.08.15"]
[Round "5"]
[White "Gatterer, Florian"]
[Black "Deng, Henry"]
[Result "1/2-1/2"]
[WhiteElo "2170"]
[BlackElo "2308"]
[PlyCount "69"]
[EventDate "2023.08.15"]
[EventType "swiss (blitz)"]
[EventRounds "11"]
[EventCountry "USA"]
[SourceTitle "EXT 2024"]
[Source "ChessBase"]
[SourceDate "2023.10.10"]
[SourceVersion "1"]
[SourceVersionDate "2023.10.10"]
[SourceQuality "1"]

1. f4 d5 2. Nf3 g6 3. g3 Bg7 4. Bg2 Nf6 5. 0-0 0-0 6. d3 b6 7. Nc3 Bb7 8. Ne5 Nbd7 9. Nxd7 Qxd7 10. e4 dxe4 11. dxe4 Rad8 12. Qe2 e6 13. Kh1 c5 14. Be3 h5 15. Rad1 Qe7 16. Rxd8 Rxd8 17. Rd1 Ng4 18. Bg1 a6 19. h3 Nf6 20. Rxd8+ Qxd8 21. e5 Bxg2+ 22. Qxg2 Nd5 23. Nxd5 Qxd5 24. Qxd5 exd5 25. c3 f6 26. exf6 Bxf6 27. Kg2 Kf7 28. Kf3 Ke6 29. g4 hxg4+ 30. hxg4 Be7 31. Bf2 b5 32. b3 c4 33. bxc4 dxc4 34. Ke4 Bf6 35. Bd4 1/2-1/2